Missing Word: Children's Bible Stories Quiz Stats

 Plays Quiz Updated Nov 7, 2017

Score 0/20 Timer 03:00
1 Play Today
Story Missing Word % Correct
Noah's _____Ark
98.6%
Adam and _____Eve
98.5%
Cain and _____Abel
98.3%
Garden of _____Eden
96.8%
David and _____Goliath
95.2%
_____ Walking on WaterJesus
94.3%
Crossing the _____ SeaRed
94.2%
Moses and the Burning _____Bush
93.5%
Joseph and His _____ of Many ColorsCoat
92.8%
Jonah and the Big _____Fish
91.5%
Story Missing Word % Correct
Jacob's _____Ladder
85.7%
_____ and DelilahSamson
85.6%
Tower of _____Babel
82.6%
_____ and GomorrahSodom
81.7%
_____ In The Lion's DenDaniel
75.5%
Ten _____ of EgyptPlagues
75.2%
_____ on the MountSermon
74.4%
Shadrach, _____, and AbednegoMeshach
39.5%
The _____ of Dry BonesValley
28%
Elijah and the Prophets of _____Baal
22.3%

Today's Daily Dose

Missing Word
Arizona A-Z

Word Ladder
Greek Letters II

Get the Picture
US National Parks

You're not logged in!

Compare scores with friends on all Sporcle quizzes.
OR
Log In

You Might Also Like...

Show Comments

Extras

Top Quizzes Today


Score Distribution

Your Account Isn't Verified!

In order to create a playlist on Sporcle, you need to verify the email address you used during registration. Go to your Sporcle Settings to finish the process.

Report this User

Report this user for behavior that violates our Community Guidelines.

Details: